| 000 | 00591cam a2200193 4500500 | ||
|---|---|---|---|
| 005 | 20260405002946.0 | ||
| 041 | _afre | ||
| 042 | _adc | ||
| 100 | 1 | 0 |
_aPortevin, Catherine _eauthor |
| 245 | 0 | 0 | _aÊtre quelqu’un de bien. Philosophie du bien et du mal |
| 260 | _c2019. | ||
| 500 | _a84 | ||
| 690 | _aBien | ||
| 690 | _aBonté | ||
| 690 | _aLaurence Devillairs | ||
| 690 | _aMal | ||
| 786 | 0 | _nPhilosophie magazine | 133 | 10 | 2019-10-01 | p. 56-56 | 1951-1787 | |
| 856 | 4 | 1 | _uhttps://shs.cairn.info/magazine-philosophie-magazine-2019-10-page-56?lang=fr&redirect-ssocas=7080 |
| 999 |
_c2062937 _d2062937 |
||